Fast typing to 100 - Statistics

General Stats
  • This quiz has been taken 29 times
  • The average score is 80 of 100
Answer Stats
# % Correct
1
100%
10
100%
11
100%
2
100%
3
100%
4
100%
5
100%
13
95%
14
95%
15
95%
16
95%
17
95%
18
95%
19
95%
21
95%
22
95%
23
95%
25
95%
26
95%
27
95%
28
95%
29
95%
30
95%
32
95%
33
95%
34
95%
44
95%
6
95%
7
95%
8
95%
9
95%
20
89%
24
89%
31
89%
35
89%
36
89%
37
89%
38
89%
39
89%
41
89%
42
89%
43
89%
45
89%
46
89%
47
89%
48
89%
49
89%
52
89%
12
84%
40
84%
50
84%
51
84%
53
84%
54
84%
55
84%
56
84%
58
84%
57
79%
59
79%
61
79%
62
79%
63
79%
64
79%
60
74%
65
74%
66
74%
76
74%
68
68%
69
68%
70
68%
71
68%
72
68%
73
68%
74
68%
78
68%
67
63%
75
63%
77
63%
79
63%
80
63%
86
63%
88
63%
89
63%
81
58%
82
58%
83
58%
84
58%
85
58%
87
58%
90
58%
91
58%
92
58%
93
58%
97
58%
100
53%
94
53%
95
53%
96
53%
98
53%
99
53%
No matching quizzes found
Score Distribution
Percent of People with Each Score
Percentile by Number Answered
Your Score History
You have not taken this quiz